| 000 | 00473nam a2200169 a 4500 | ||
|---|---|---|---|
| 005 | 20140412111220.0 | ||
| 008 | 001120s19uu xx 00 eng d | ||
| 020 | _a0-7214-0523-1 | ||
| 050 |
_aER _bCo83 |
||
| 100 | _aWingfield, Ethel | ||
| 245 |
_aColours / _cEtherl Wingfield; illustrated by John Scott. |
||
| 260 |
_aEngland : _bLadybird Books, _c1978. |
||
| 300 | _a1 v. (unp.) ; col. ; ill. | ||
| 440 | _aEarly Learning Series | ||
| 650 | _aColor | ||
| 999 |
_c101902 _d101902 |
||